Fire Emblem Three Houses Characters (DLC Included) - Statistics

General Stats
  • This quiz has been taken 1,073 times
    1,062 since last reset
  • The average score is 52 of 88
Answer Stats
Answer % Correct
Byleth
99%
Dimitri
97%
Claude
96%
Edelgard
96%
Dedue
93%
Hilda
93%
Hubert
93%
Annette
92%
Felix
92%
Mercedes
91%
Rhea
91%
Sylvain
91%
Ingrid
90%
Ashe
89%
Bernadetta
89%
Dorothea
89%
Ferdinand
89%
Caspar
88%
Flayn
88%
Marianne
88%
Petra
88%
Raphael
87%
Ignatz
86%
Lysithea
86%
Seteth
85%
Lorenz
83%
Sothis
83%
Linhardt
82%
Yuri
82%
Catherine
80%
Leonie
80%
Constance
77%
Hapi
77%
Gilbert
76%
Jeritza
75%
Shamir
75%
Balthus
74%
Jeralt
71%
Seiros
70%
Alois
68%
Cyril
66%
Manuela
66%
Hannemen
65%
Kronya
62%
Nemesis
60%
Solon
58%
Thales
50%
Anna
49%
Rodrigue
49%
Death Knight
47%
Monica
47%
Saint Cethleann
46%
Judith
45%
Riegan
44%
Saint Cichol
43%
Gautier
42%
Fraldarius
41%
Saint Indech
41%
Blaiddyd
40%
Cornelia
39%
Gloucester
39%
Goneril
39%
Saint Macuil
39%
Flame Emperor
36%
Dominic
35%
Ladislava
32%
Maurice
32%
Daphnel
31%
Fleche
31%
Thomas
31%
Charon
30%
Randolph
30%
Aelfric
29%
Lamine
28%
Lonato
28%
Nader
28%
Arundel
26%
Sitri
26%
The Immaculate One
24%
Lambert
23%
Miklan
23%
Ionius IX
21%
Kostas
19%
Acheron
18%
Gwendal
18%
Metodey
18%
Pallardo
15%
Ludwig
14%
No matching quizzes found
Score Distribution
Percent of People with Each Score
Percentile by Number Answered
Your Score History
You have not taken this quiz since the last reset